Alternativas europeas a la crisis centroamericana: Propuestas europeas frente a la crisis centroamericana

Đã lưu trong:
Chi tiết về thư mục
Định dạng: Texto
Được phát hành: Santander: ICI
Các nhãn: Thêm thẻ
Không có thẻ, Là người đầu tiên thẻ bản ghi này!

MARC

LEADER 00000 a a2200000 04500
001 24355
003
040
090 |a 172711  
245 |a Alternativas europeas a la crisis centroamericana: Propuestas europeas frente a la crisis centroamericana  
260 |a Santander:   |b ICI  
300 |a 150 p.  
999 |c 5098  |d 5098